| 000 | 00666nam a22002177a 4500 | ||
|---|---|---|---|
| 001 | 45537 | ||
| 003 | BD-RjUL | ||
| 005 | 20211209054029.0 | ||
| 008 | 160726m19651957enk||||| |||| 00| 0 eng d | ||
| 035 | _a(BD-RjUL)45655 | ||
| 040 |
_aBD-RjUL _beng _cBD-RjUL |
||
| 041 | _aeng | ||
| 082 |
_223 _a338.91 _bBAE 1965 |
||
| 100 |
_aBauer, P.T. _9139391 |
||
| 245 | 1 | 0 |
_aEconomic analysis and policy in underdevelopment countries / _cP.T. Bauer |
| 260 |
_aLondon : _bRoutledge & kegan paiul ltd, _c1965 |
||
| 300 |
_axiv, 143 p. ; _c17 cm. |
||
| 500 | _aIndex present | ||
| 650 |
_aPaíses subdesarrollados _vCondiciones económicas. _9139392 |
||
| 942 |
_2ddc _cBK |
||
| 999 |
_c45537 _d45537 |
||